BIBLIOTECA

SENCICO

Fallas técnicas en la construcción (Registro nro. 1734)

Detalles MARC
000 -LEADER
fixed length control field 00674nam a2200193Ia 4500
005 - DATE AND TIME OF LATEST TRANSACTION
control field 20251020182521.0
008 - FIXED-LENGTH DATA ELEMENTS--GENERAL INFORMATION
fixed length control field 200515s9999 xx 000 0 und d
082 ## - DEWEY DECIMAL CLASSIFICATION NUMBER
Classification number 69.059.22/F35
100 ## - MAIN ENTRY--PERSONAL NAME
Personal name FELD, Jacob
245 #0 - TITLE STATEMENT
Title Fallas técnicas en la construcción
260 ## - PUBLICATION, DISTRIBUTION, ETC.
Place of publication, distribution, etc. México, D.F.
260 ## - PUBLICATION, DISTRIBUTION, ETC.
Date of publication, distribution, etc. 1983
500 ## - GENERAL NOTE
General note explicaciones completas de las causas de los fracasos ocurridos en algunas obras y da advertencias detalladas para evitar resultados adversos
520 ## - SUMMARY, ETC.
Summary, etc. Ofrece un panorama de cada uno de los aspectos de la industria de la construcción, presenta además
650 ## - SUBJECT ADDED ENTRY--TOPICAL TERM
Topical term or geographic name entry element CONSTRUCCION
650 ## - SUBJECT ADDED ENTRY--TOPICAL TERM
Topical term or geographic name entry element FALLAS TECNICAS
650 ## - SUBJECT ADDED ENTRY--TOPICAL TERM
Topical term or geographic name entry element LIB
942 ## - ADDED ENTRY ELEMENTS (KOHA)
Koha item type Libros
Existencias
Fecha de la última vez que lo usaron Pago total Signatura topográfica completa Código de barras Precio efectivo desde Tipo de documento Estado perdido Estado dañado No es para préstamo Retirado Ubicación permanente Ubicación actual Fecha de adquisición
15/05/2020   69.059.22/F35 Bib-Lima15051734 15/05/2020 Libros         Biblioteca Central Lima Biblioteca Central Lima 15/05/2020